1052 1841 1143 1196 1211 1653 1001 1717 1417 1232 1560 1844 1084 1311 1684 1561 1399 1410 1490 1913 1099 1394 1947 1905 1566 1843 1016 1480 1693 1497 1717 1113 1459 1658 1129 1650 1136 1330 1154 1446 1372 1847 1976 1490 1118 1044 1044 1952 1681 1452 1180 1039 1146 1400 1604 1020 1135 1365 1193 1779 1843 1146 1982 1391 1707 1473 1945 1205 1882 1391 1452 1462 1279 1698 1682 1785 1300 1412 1029 1944 1646 1624 1930 1681 1434 1296 1484 1474 1585 1235 1649 1792 1952 1230 1006 1717 1590 1242 1169 BCNSPRNW ULIB Ver.6.0+V

เปลี่ยนเป็นภาษาไทย

Change to English
 แสดงรายละเอียดบรรณานุกรม
  กลับหน้าหลัก

Brief Record : Get Marc (ISO 2709) : E-mail record : QR code < ปิดหน้าต่าง
LEADER : 00000nam 2200000uu 4500
001    13399129071
003     ULIB
008    250605s2567||||th 000 0 tha d
020    ^a9786166128796
060  4 ^aWA590^bอ662ส
100 0  ^aอารียา จิรธนานุวัฒน์^eผู้แต่ง
245 1  ^aสุขภาพคนเมืองและการส่งเสริมสุขภาพ /^cอารียา จิรธนานุวัฒน์
246 3  ^aUrban health and health promotion.
250    ^aพิมพ์ครั้งที่ 1.
260    ^aกรุงเทพฯ :^bภาควิชาเทคโนโลยีสุขภาพ คณะวิทยาศาสตร์และเทคโนโลยีสุขภาพ มหาวิทยาลัยนวมินทราธิราช, ^c2567.
300    ^a182 หน้า :^bภาพประกอบ ;^c25 ซม
505 2  ^aสุขภาพกับเป้าหมายการพัฒนาอย่างยั่งยืน -- การส่งเสริมสุขภาพ -- ทฤษฎีทางพฤติกรรมสุขภาพ -- สุขภาพคนเมือง -- กลวิธีส่งเสริมสุขภาพ
505 2  ^a^tสุขภาพกับเป้าหมายการพัฒนาอย่างยั่งยืน -- การส่งเสริมสุขภาพ -- ทฤษฎีทางพฤติกรรมสุขภาพ -- สุขภาพคนเมือง -- กลวิธีส่งเสริมสุขภาพ.
650  7 ^aการส่งเสริมสุขภาพ
650  7 ^aพฤติกรรมสุขภาพ
650  7 ^aสุขภาพเมือง
945    ^p350^l0^i30551
945    ^p350^l0^i30552
999    ^aกัณชพร จุลอักษร
รายการนี้ยังไม่มีแท็ก
คุณยังไม่ได้ล็อกอิน คุณสามารถมีกิจกรรมร่วมกับเว็บไซต์ได้ แต่ต้องล็อกอินก่อน ::
  ล็อกอิน

รายการสื่อสารสนเทศ

ลำดับที่ ประเภท เลขเรียก/บาร์โค้ด สถานที่ สถานะ
1. หนังสือสำรอง
หนังสือสำรอง
WA590 อ662ส ฉ.1 
  Barcode: 30551
ห้องสมุดวิทยาเขตนครสวรรค์
►หนังสือทั่วไป:l:General Books
บนชั้น
2. วิทยาศาสตร์การแพทย์ และสุขภาพ
วิทยาศาสตร์การแพทย์ และสุขภาพ
WA590 อ662ส ฉ.2 
  Barcode: 30552
ห้องสมุดวิทยาเขตนครสวรรค์
►หนังสือทั่วไป:l:General Books
บนชั้น

รายการใกล้เคียง
    หัวเรื่อง [การส่งเสริมสุขภาพ]
    หัวเรื่อง [พฤติกรรมสุขภาพ]
    หัวเรื่อง [สุขภาพเมือง]

BibComment


ยังไม่เคยถูกคอมเมนท์

คอมเมนท์ทรัพยากรรายการนี้
  คอมเมนท์: สุขภาพคนเมืองและ..


 Copyright 2026. Bcnsprnw @Library